000
00310nam a2200121Ia 4500
008
190216s9999||||xx |||||||||||||| ||und||
100
_a
Richard J Bard
245
0
_a
Proffessional Programmers Guide To Unix
260
_b
Galgotia Publication Pvt Ltf
_c
1992
300
_a
151 p
650
_a
Computer
942
_c
BK
999
_c
8426
_d
8426